01455nam a2200253 a 450000100100000000500170001000800410002704000250006808200150009310000360010824501200014426000540026430000200031849000240033850001660036283000310052804900090055995201280056895201280069695201280082495201130095295201190106599900170118400002898820210622122544.0110413s1974 dr 000 | spa d aDO-SdBNPbspacBNPHU axxxbD542p1 aDíaz Santana, Arismendi9134310aPapel de las minorias étnicas (africana y asiática) el desarrollo socio político /cArismendi Díaz Santana. aSanto Domingo :bPublicaciones de la UASD,c1974. a32 p. ;c20 cm.1 aConferenciav24/177 aPonencia del "Primer Seminario Latinoamericano: papel de las minorías étnicas (africana y asiática) en el desarrollo socio político de América Latina". 0aConferencia;v24/17791181 aBNPD 001054708DSaGRbGRcCTd2011-04-14iLF1l0oxxx D542pp28988-30r2020-06-25te. 3w2020-06-25yLFDSZPréstamo en sala 001154708DSaGRbGRcMId2011-06-08iLF1l0oxxx D542pp28988-40r2020-06-25te. 4w2020-06-25yLFDSZPréstamo en sala 001154708DSaGRbGRcMId2011-06-08iLF1l0oxxx D542pp28988-50r2020-06-25te. 5w2020-06-25yLFDSZPréstamo en sala 0010718PDaPDbPDcHDd2011-04-13iLF1l0oxxx D542pp28988-10r2020-06-25w2020-06-25yLFPDZNo se presta 0010718PDaPDbPDcCTd2011-04-13iLF1l0oxxx D542pp28988-20r2020-06-25te. 2w2020-06-25yLFPDZNo se presta c28480d28480